000 00252nam a2200109Ia 4500
008 190216s9999||||xx |||||||||||||| ||und||
100 _aPadmanabhan T
245 0 _aMakhansinghinte Maranam
260 _bCurrent Books
650 _aKathakal
942 _cBK
999 _c23553
_d23553